ბათუმის შოთა რუსთაველის სახელმწიფო უნივერსიტეტის ბიბლიოთეკა

ტაო-კლარჯეთის ძეგლების 2017 წლის საკვლევი ექსპედიციების ანგარიშები / (ბიბ.ჩანაწერი № 57063)

000 -ლიდერი
ფიქსირებული სიგრძის საკონტროლო ველი 01562nam a22002177a 4500
003 - საკონტროლო ნომრის იდენტიფიკატორი
საკონტროლო ველი Ge_BSU
005 - ბოლო ოპერაციის თარიღი და დრო
საკონტროლო ველი 20191104122828.0
008 - ფიქსირებული სიგრძის მონაცემთა ელემენტები - ზოგადი ინფორმაცია
ფიქსირებული სიგრძის საკონტროლო ველი 191104b xxu||||| |||| 00| 0 geo d
020 ## - წიგნის საერთაშორისო სტანდარტული ნომერი
International Standard Book Number 9789941947094
041 ## - ენის კოდი
Language code of text/sound track or separate title geo
080 ## - უნივერსალური ათობითი კლასიფიკაციის ინდექსი
Universal Decimal Classification number 726:27-523.4(=353.1)(560) ტ-28
245 ## - ცნობა სათაურის შესახებ
Title ტაო-კლარჯეთის ძეგლების 2017 წლის საკვლევი ექსპედიციების ანგარიშები /
Statement of responsibility, etc ანგარიშები მოამზადეს : თეიმურაზ ხუციშვილმა ; ბებურ გოზალიშვილმა ; ანა იმედაშვილმა [და სხვ.].
264 ## - წარმოების, გამოცემის, დისტრიბუციის და სხვა ცნობები
გამოცემის, წარმოების, დისტრიბუციის... ადგილი თბილისი :
გამოცემის, წარმოების, დისტრიბუციის... სახელწოდება კავკასიის უნივერსიტეტის გამომცემლობა,
გამოცემის, წარმოების, დისტრიბუციის... თარიღი 2018.
300 ## - ფიზიკური აღწერა
Extent 104 გვ. :
Other physical details ფოტ. ;
Dimensions 29 სმ.
501 ## - შენიშვნა თანმხლებ მასალაზე
With note ანგარიშები იბეჭდება საქართველოს კულტურისა და ტურისტული რესურსების კვლევის ცენტრის დაფინანსებით.
653 ## - INDEX TERM--UNCONTROLLED
Uncontrolled term ტაო-კლარჯეთის არქიტექტურული ძეგლები
700 ## - ADDED ENTRY--PERSONAL NAME
Personal name ხუციშვილი, თეიმურაზ
9 (RLIN) 5232
700 ## - ADDED ENTRY--PERSONAL NAME
Personal name გოზალიშვილი, ბებურ
9 (RLIN) 5233
700 ## - ADDED ENTRY--PERSONAL NAME
Personal name იმედაშვილი, ანა
9 (RLIN) 5234
942 ## - ADDED ENTRY ELEMENTS (KOHA)
Source of classification or shelving scheme
Koha item type წიგნი
ეგზემპლარები
ჩამოწერის სტატუსი დაკარგული ეგზემპლარის სტატუსი კლასიფიკაციის წყარო ან თაროზე გაწყობის სქემა დაზიანების სტატუსი არ გაიცემა მუდმივი მდებარეობა (დაცვის ადგილი) ამჟამინდელი ადგილსამყოფელი თაროზე განთავსების ადგილი შეძენის თარიღი ღირებულება, შესყიდვის ნორმალური ფასი სრული შენახვის შიფრი შტრიხკოდი ბოლო ოპერაციის თარიღი ეგზემპლარის მიმდევრობითი ნომერი (კეტერი?) ფასის ძალაში შესვლის თარიღი ეგზემპლარის სახეობა საჯარო შენიშვნა
          ბათუმის შოთა რუსთაველის სახელმწიფო უნივერსიტეტის მთავარი ბიბლიოთეკა ბათუმის შოთა რუსთაველის სახელმწიფო უნივერსიტეტის მთავარი ბიბლიოთეკა წიგნსაცავი 2019-11-04 5.00 726:27-523.4(=353.1)(560) ტ-28 60177 2019-11-04 60177 2019-11-04 წიგნი 5.00